Tourism, globalization and development : Responsible tourism planning

Uloženo v:
Podrobná bibliografie
Hlavní autor: Reid, Donald G.
Médium: Kniha
Jazyk:Undetermined
Vydáno: London Pluto Press 2003
Témata:
Tagy: Přidat tag
Žádné tagy, Buďte první, kdo otaguje tento záznam!
Thư viện lưu trữ: Trung tâm Học liệu Trường Đại học Cần Thơ
LEADER 00557nam a2200205Ia 4500
001 CTU_93945
008 210402s9999 xx 000 0 und d
020 |c 29.98 
082 |a 338.4 
082 |b R353 
100 |a Reid, Donald G. 
245 0 |a Tourism, globalization and development : 
245 0 |b Responsible tourism planning 
245 0 |c Donald G. Reid 
260 |a London 
260 |b Pluto Press 
260 |c 2003 
650 |a Tourism,Economic development 
904 |i Tuyến 
980 |a Trung tâm Học liệu Trường Đại học Cần Thơ